[Event "AZE-ch Prelim 78th"]
[Site "Baku"]
[Date "2024.04.16"]
[Round "6"]
[White "Gadimbayli, Abdulla Azar"]
[Black "Hasanzade, Toghrul Qasim Oglu"]
[Result "1/2-1/2"]
[WhiteElo "2489"]
[BlackElo "2350"]
[PlyCount "80"]
[EventDate "2024.04.11"]
[EventType "swiss"]
[EventRounds "9"]
[EventCountry "AZE"]
[SourceTitle "CB17_2024"]
[SourceDate "2024.04.24"]
[SourceVersion "1"]
[SourceVersionDate "2024.04.24"]
[SourceQuality "1"]

1. e4 e6 2. d4 d5 3. Nc3 Nf6 4. Bg5 Bb4 5. e5 h6 6. Bd2 Bxc3 7. bxc3 Ne4 8. Qg4 Kf8 9. Bd3 Nxd2 10. Kxd2 c5 11. Nf3 Nc6 12. dxc5 Qa5 13. Qf4 Qxc5 14. Nd4 Bd7 15. Rhb1 Nxd4 16. Qxd4 Qxd4 17. cxd4 Rb8 18. Ba6 Bc6 19. Rb4 Ke7 20. Rab1 b6 21. c4 Rhd8 22. c5 Kd7 23. Bb5 Kc7 24. Ra4 Bxb5 25. Rxb5 Rb7 26. cxb6+ axb6 27. Rb3 Kd7 28. Ra6 Rdb8 29. h4 h5 30. Rg3 g6 31. Rb3 b5 32. Ke3 Rc8 33. Rd6+ Ke7 34. a4 b4 35. a5 Rc4 36. a6 Rb5 37. a7 Ra5 38. Rb6 Rxa7 39. R6xb4 Rxb4 40. Rxb4 Kf8 1/2-1/2

[Event "AZE-ch Prelim 78th"]
[Site "Baku"]
[Date "2024.04.12"]
[Round "2"]
[White "Hamidov, Allahverdi"]
[Black "Hasanzade, Toghrul Qasim Oglu"]
[Result "1-0"]
[WhiteElo "2091"]
[BlackElo "2350"]
[PlyCount "106"]
[EventDate "2024.04.11"]
[EventType "swiss"]
[EventRounds "9"]
[EventCountry "AZE"]
[SourceTitle "CB17_2024"]
[SourceDate "2024.04.24"]
[SourceVersion "1"]
[SourceVersionDate "2024.04.24"]
[SourceQuality "1"]

1. d4 Nf6 2. c4 e6 3. Nc3 Bb4 4. e3 0-0 5. Bd3 d5 6. Nf3 c5 7. 0-0 Nc6 8. cxd5 exd5 9. dxc5 Bxc5 10. h3 h6 11. b3 Be6 12. Bb2 Qe7 13. Rc1 Rad8 14. Ne2 Ne4 15. Nf4 Bc8 16. Bb1 Bd6 17. Nxd5 Qe6 18. Qc2 f5 19. Rfd1 Ng5 20. Ne1 Qg6 21. Kh1 Ne4 22. Nf4 Qf7 23. Kg1 Kh7 24. Qc4 Qe7 25. Nf3 Ng5 26. Nh4 Bxf4 27. Qxf4 g6 28. Nf3 Rxd1+ 29. Rxd1 Rd8 30. Rc1 Be6 31. Nd4 Bd5 32. Nxf5 gxf5 33. Qxf5+ Kg8 34. Qg6+ Kf8 35. Qxh6+ Ke8 36. Bf6 Nf7 37. Bxe7 Nxh6 38. Bxd8 Nxd8 39. f4 Ke7 40. g4 Bc6 41. Kf2 Nhf7 42. e4 Kf6 43. Ke3 Ne6 44. e5+ Ke7 45. Be4 Bxe4 46. Kxe4 Nfd8 47. h4 Nc6 48. f5 Ned4 49. Rd1 Nb5 50. Kf4 Nc3 51. f6+ Kf7 52. Rd2 Ke6 53. Rd6+ Kf7 1-0

[Event "Baku NCC 2nd"]
[Site "Baku"]
[Date "2022.12.14"]
[Round "8.4"]
[White "Alumert, Orkun Efe"]
[Black "Hasanzade, Toghrul Qasim Oglu"]
[Result "1-0"]
[WhiteElo "2378"]
[BlackElo "2293"]
[PlyCount "121"]
[EventDate "2022.12.11"]
[EventType "team-schev"]
[EventRounds "10"]
[EventCountry "AZE"]
[SourceTitle "CBM 211 Extra"]
[Source "ChessBase"]
[SourceDate "2023.01.31"]
[SourceVersion "1"]
[SourceVersionDate "2023.01.31"]
[SourceQuality "1"]
[WhiteTeam "Team B"]
[BlackTeam "Team A"]
[WhiteTeamCountry "AZE"]
[BlackTeamCountry "AZE"]

1. e4 e6 2. d4 d5 3. Nc3 Bb4 4. e5 Ne7 5. Nf3 c5 6. a3 Bxc3+ 7. bxc3 0-0 8. Be2 Nbc6 9. 0-0 Qa5 10. Bd2 Qa4 11. Rb1 a6 12. Bc1 c4 13. Nh4 f6 14. exf6 Rxf6 15. Bg5 Rf8 16. Qc1 b5 17. Re1 h6 18. Bxe7 Nxe7 19. Bg4 Nf5 20. Ng6 Rf6 21. Bxf5 exf5 22. Ne7+ Kh7 23. Nxd5 Rd6 24. Ne7 Re6 25. Rxe6 Bxe6 26. d5 Bd7 27. Qb2 Qa5 28. Rd1 Qb6 29. d6 Rd8 30. Qc1 Qc5 31. Rd5 Qb6 32. Qe1 a5 33. Qe5 Kh8 34. Rc5 b4 35. axb4 axb4 36. cxb4 Qxb4 37. h4 Qb1+ 38. Kh2 Qxc2 39. Ng6+ Kh7 40. Qe7 Kxg6 41. Qxd8 Qd2 42. h5+ Kh7 43. Rxc4 Qxd6+ 44. g3 Qd1 45. Qe7 Qxh5+ 46. Kg2 Qd1 47. Qe5 Qh5 48. Rc7 Qd1 49. Qc3 Qd5+ 50. Kh2 Kg8 51. Qc4 Qxc4 52. Rxc4 Kf7 53. Rc7 Ke6 54. f4 g5 55. Ra7 Kd6 56. Ra8 gxf4 57. gxf4 Be6 58. Ra6+ Ke7 59. Kg3 Kf7 60. Kh4 Bc4 61. Rxh6 1-0

[Event "Nakhchivan IM"]
[Site "Nakhchivan"]
[Date "2022.11.20"]
[Round "7.2"]
[White "Hasanzade, Toghrul Qasim Oglu"]
[Black "Yeganegi, Barad"]
[Result "1-0"]
[WhiteElo "2317"]
[BlackElo "2060"]
[PlyCount "121"]
[EventDate "2022.11.17"]
[EventType "schev"]
[EventRounds "10"]
[EventCountry "AZE"]
[SourceTitle "CBM 211 Extra"]
[Source "ChessBase"]
[SourceDate "2023.01.31"]
[SourceVersion "1"]
[SourceVersionDate "2023.01.31"]
[SourceQuality "1"]
[WhiteTeam "Experts"]
[BlackTeam "Challengers"]
[WhiteTeamCountry "AZE"]
[BlackTeamCountry "IRI"]

1. e4 c5 2. Nf3 e6 3. d4 cxd4 4. Nxd4 Nf6 5. Nc3 Nc6 6. Nxc6 bxc6 7. e5 Nd5 8. Ne4 Bb7 9. Be2 c5 10. 0-0 Qc7 11. Nd6+ Bxd6 12. exd6 Qc6 13. f3 c4 14. Qd4 0-0 15. Bxc4 Qxd6 16. b3 Qb6 17. Qxb6 Nxb6 18. Bd3 d5 19. a4 a5 20. Be3 Nd7 21. Bb5 Rfd8 22. c4 Ne5 23. Bb6 Rdc8 24. f4 Nc6 25. f5 dxc4 26. fxe6 fxe6 27. Bxc4 Re8 28. Rfe1 Bc8 29. Bb5 Bb7 30. Rad1 Re7 31. Bc5 Kf7 32. Bxe7 Kxe7 33. Rc1 Rc8 34. Bxc6 Rxc6 35. Rxc6 Bxc6 36. Kf2 Kd6 37. Rc1 Bd5 38. Rc3 g6 39. g3 e5 40. Ke3 Bc6 41. Kd2 Kd5 42. Rc4 Kd6 43. Kc3 h5 44. h4 Kd5 45. b4 axb4+ 46. Rxb4 Kc5 47. a5 Bb5 48. Rxb5+ Kxb5 49. Kd3 Kxa5 50. Ke4 Kb5 51. Kxe5 Kc5 52. Kf6 Kd6 53. Kxg6 Ke6 54. Kxh5 Kf7 55. g4 Kg7 56. Kg5 Kf7 57. Kh6 Kg8 58. Kg6 Kh8 59. Kf7 Kh7 60. g5 Kh8 61. h5 1-0

[Event "Nakhchivan IM"]
[Site "Nakhchivan"]
[Date "2022.11.17"]
[Round "2.2"]
[White "Yeganegi, Barad"]
[Black "Hasanzade, Toghrul Qasim Oglu"]
[Result "1/2-1/2"]
[WhiteElo "2060"]
[BlackElo "2317"]
[PlyCount "147"]
[EventDate "2022.11.17"]
[EventType "schev"]
[EventRounds "10"]
[EventCountry "AZE"]
[SourceTitle "CBM 211 Extra"]
[Source "ChessBase"]
[SourceDate "2023.01.31"]
[SourceVersion "1"]
[SourceVersionDate "2023.01.31"]
[SourceQuality "1"]
[WhiteTeam "Challengers"]
[BlackTeam "Experts"]
[WhiteTeamCountry "IRI"]
[BlackTeamCountry "AZE"]

1. d4 Nf6 2. c4 e6 3. Nc3 Bb4 4. f3 c5 5. d5 b5 6. e4 d6 7. Bd2 a6 8. a4 bxc4 9. Bxc4 Nbd7 10. dxe6 fxe6 11. Bxe6 Ne5 12. Bxc8 Qxc8 13. Bf4 c4 14. Bxe5 dxe5 15. Nh3 Qc5 16. Nf2 Qe3+ 17. Kf1 Bxc3 18. bxc3 Qxc3 19. Rc1 Qb4 20. Qc2 Rc8 21. Nd1 0-0 22. Nc3 Rfd8 23. Ke2 Rd3 24. Rhd1 Rcd8 25. Na2 Qc5 26. Rxd3 cxd3+ 27. Qxd3 Qf2+ 28. Kxf2 Rxd3 29. Nb4 Rd4 30. Nxa6 Rxa4 31. Nc5 Ra2+ 32. Kg1 Rd2 33. Rb1 Nd7 34. Nxd7 Rxd7 35. Rb5 Re7 36. Kf2 Kf7 37. Kg3 Re6 38. Rb7+ Kf6 39. h4 Ra6 40. Kg4 h6 41. h5 Rc6 42. g3 Re6 43. f4 exf4 44. Kxf4 g5+ 45. hxg6 Kxg6 46. e5 Ra6 47. Rb4 h5 48. Re4 Ra1 49. e6 Kf6 50. Kf3 Ra7 51. Kg2 h4 52. g4 Rh7 53. Kh3 Ke7 54. g5 Rh5 55. Re5 Rh8 56. Re1 Rh5 57. Kg4 Rh8 58. Kf5 h3 59. g6 Rh5+ 60. Kg4 Rh8 61. Kg5 h2 62. Rh1 Rh3 63. Kf5 Rh5+ 64. Kg4 Rh6 65. Kg5 Rh3 66. g7 Rg3+ 67. Kf5 Rxg7 68. Rxh2 Rg1 69. Rh7+ Ke8 70. Rh5 Rf1+ 71. Ke5 Re1+ 72. Kf6 Rf1+ 73. Rf5 Rxf5+ 74. Kxf5 1/2-1/2

[Event "TUR-chT 1st League"]
[Site "Konya"]
[Date "2022.08.26"]
[Round "7.2"]
[White "Hasanzade, Toghrul Qasim Oglu"]
[Black "Safarli, Eltaj"]
[Result "0-1"]
[WhiteElo "2290"]
[BlackElo "2602"]
[PlyCount "158"]
[EventDate "2022.08.22"]
[EventType "team-swiss"]
[EventRounds "9"]
[EventCountry "TUR"]
[SourceTitle "CBM 209 Extra"]
[Source "ChessBase"]
[SourceDate "2022.09.30"]
[SourceVersion "1"]
[SourceVersionDate "2022.09.30"]
[SourceQuality "1"]
[WhiteTeam "Genc Akademisyenler"]
[BlackTeam "Apaydin Dernegi"]
[WhiteTeamCountry "TUR"]
[BlackTeamCountry "TUR"]

1. e4 c5 2. Nf3 d6 3. Bb5+ Nc6 4. 0-0 Bd7 5. Re1 Nf6 6. c3 a6 7. Bf1 Bg4 8. h3 Bxf3 9. Qxf3 e6 10. Qg3 Be7 11. Qxg7 Rg8 12. Qh6 Ne5 13. Qe3 Nh5 14. d4 Bg5 15. Qe2 Bxc1 16. Qxh5 Bxb2 17. dxe5 Bxa1 18. Rd1 Qg5 19. Qxg5 Rxg5 20. f4 Rg3 21. Kf2 Rxc3 22. Nxc3 Bxc3 23. Rxd6 Rc8 24. Ke2 c4 25. Kd1 Bb4 26. Rb6 Rd8+ 27. Kc2 Rd2+ 28. Kc1 Ba5 29. Rxb7 Rd4 30. Ra7 Bd2+ 31. Kc2 Bxf4 32. Rxa6 Rd2+ 33. Kc3 Rf2 34. Bxc4 Bxe5+ 35. Kb4 Ke7 36. a4 Rxg2 37. Ra7+ Kf6 38. a5 Rb2+ 39. Bb3 Re2 40. a6 Rxe4+ 41. Bc4 Bd6+ 42. Kb5 Re5+ 43. Kc6 Ba3 44. Bb5 Rc5+ 45. Kb6 Rc3 46. Rd7 Bc5+ 47. Ka5 Rxh3 48. Rc7 Rc3 49. a7 Ra3+ 50. Ba4 Bxa7 51. Rxa7 h5 52. Kb4 Rf3 53. Ra5 h4 54. Rh5 Rf4+ 55. Kb3 Kg6 56. Rh8 f5 57. Bc6 e5 58. Kc3 Rd4 59. Re8 Rd6 60. Bb7 e4 61. Bc8 h3 62. Rh8 Kg7 63. Rxh3 Rc6+ 64. Kd4 Rxc8 65. Ke5 Rc5+ 66. Kf4 Kg6 67. Ra3 Kf6 68. Ra6+ Ke7 69. Rb6 Rd5 70. Rh6 Rd6 71. Rh5 Rf6 72. Rh1 Ke6 73. Ra1 Kd5 74. Rd1+ Kc4 75. Ke3 Rh6 76. Kf4 Kc3 77. Rd5 Re6 78. Ke3 f4+ 79. Ke2 Rh6 0-1

[Event "Nakhchivan Sunday GM 06"]
[Site "Nakhchivan"]
[Date "2022.06.15"]
[Round "8"]
[White "Alumert, Orkun Efe"]
[Black "Hasanzade, Toghrul Qasim Oglu"]
[Result "1-0"]
[WhiteElo "2350"]
[BlackElo "2306"]
[PlyCount "85"]
[EventDate "2022.06.12"]
[EventType "schev"]
[EventRounds "10"]
[EventCountry "AZE"]
[SourceTitle "CBM 209 Extra"]
[Source "ChessBase"]
[SourceDate "2022.09.30"]
[SourceVersion "1"]
[SourceVersionDate "2022.09.30"]
[SourceQuality "1"]
[WhiteTeam "Team B"]
[BlackTeam "Team A"]
[WhiteTeamCountry "AZE"]
[BlackTeamCountry "AZE"]

1. Nf3 Nf6 2. d4 g6 3. c4 Bg7 4. g3 0-0 5. Bg2 d5 6. cxd5 Nxd5 7. 0-0 Nb6 8. e4 Bg4 9. d5 c6 10. h3 Bxf3 11. Qxf3 cxd5 12. exd5 N8d7 13. Nc3 Rc8 14. d6 Nc5 15. dxe7 Qxe7 16. Bf4 Rfe8 17. Rfd1 Nc4 18. Nd5 Qe6 19. Nc7 Rxc7 20. Bxc7 Bxb2 21. Re1 Qxe1+ 22. Rxe1 Rxe1+ 23. Kh2 Ne6 24. Qb3 Nxc7 25. Qxc4 Rc1 26. Qf4 b5 27. Qd2 Ba3 28. h4 Rc4 29. h5 Bf8 30. h6 b4 31. Qd7 a5 32. Bc6 Ne6 33. Bd5 Rc7 34. Qa4 Rc5 35. Bxe6 fxe6 36. Qe8 Rh5+ 37. Kg2 Rxh6 38. Qxe6+ Kg7 39. g4 a4 40. g5 Rh5 41. f4 b3 42. axb3 axb3 43. Qd7+ 1-0

[Event "EU-ch 22nd"]
[Site "Terme Catez"]
[Date "2022.03.27"]
[Round "1"]
[White "Hasanzade, Toghrul Qasim Oglu"]
[Black "Baklan, Vladimir"]
[Result "1/2-1/2"]
[WhiteElo "2297"]
[BlackElo "2591"]
[PlyCount "80"]
[EventDate "2022.03.27"]
[EventType "swiss"]
[EventRounds "11"]
[EventCountry "SLO"]
[SourceTitle "CBM 208"]
[Source "ChessBase"]
[SourceDate "2022.06.30"]
[SourceVersion "1"]
[SourceVersionDate "2022.06.30"]
[SourceQuality "1"]

1. e4 c5 2. Nf3 Nc6 3. d4 cxd4 4. Nxd4 Nf6 5. Nc3 d6 6. Bg5 e6 7. Qd2 a6 8. 0-0-0 Bd7 9. Nxc6 Bxc6 10. Qe1 Qa5 11. f4 Be7 12. Bh4 Qc7 13. Bd3 h6 14. Rf1 g5 15. fxg5 hxg5 16. Bxg5 Ng4 17. Bxe7 Qxe7 18. h3 Ne5 19. Kb1 0-0-0 20. Ne2 Qg5 21. Nd4 Qxg2 22. Nxc6 Nxc6 23. Rxf7 Qxh3 24. a3 Rhf8 25. Qf1 Qxf1 26. Rdxf1 Rxf7 27. Rxf7 Re8 28. Bf1 Re7 29. Rxe7 Nxe7 30. Kc1 Kd7 31. Kd2 Nc6 32. Ke3 Ke7 33. b4 Kf6 34. c3 Ke5 35. a4 Nb8 36. a5 Nd7 37. Be2 Nf6 38. Bf3 Ne8 39. Be2 Nf6 40. Bf3 Ne8 1/2-1/2

[Event "AZE-ch Prelim 76th"]
[Site "Nakhchivan"]
[Date "2022.02.13"]
[Round "9"]
[White "Hasanzade, Toghrul Qasim Oglu"]
[Black "Ilyasli, Ughur"]
[Result "0-1"]
[WhiteElo "2293"]
[BlackElo "2310"]
[PlyCount "80"]
[EventDate "2022.02.05"]
[EventType "swiss"]
[EventRounds "9"]
[EventCountry "AZE"]
[SourceTitle "CBM 206 Extra"]
[Source "ChessBase"]
[SourceDate "2022.03.31"]
[SourceVersion "1"]
[SourceVersionDate "2022.03.31"]
[SourceQuality "1"]

1. e4 c5 2. Nf3 d6 3. d4 cxd4 4. Nxd4 Nf6 5. Nc3 a6 6. h3 e5 7. Nde2 h5 8. Bg5 Be7 9. Bxf6 Bxf6 10. Nd5 Bg5 11. h4 Bh6 12. Qd3 Nc6 13. g3 Be6 14. f4 Rc8 15. c3 Ne7 16. Bh3 Bxh3 17. Rxh3 Nxd5 18. Qxd5 Qd7 19. Rh1 Rc5 20. Qd3 Qc6 21. Rd1 0-0 22. f5 Rc4 23. Qxd6 Qxe4 24. Rf1 Ra4 25. Qd5 Qxd5 26. Rxd5 Rxa2 27. Rxe5 Rxb2 28. Kf2 Rd8 29. Ra1 f6 30. Re4 Rd5 31. Raa4 Rxf5+ 32. Kg2 Rd5 33. Rac4 Rdd2 34. Kf3 Rd3+ 35. Kf2 a5 36. Re7 b5 37. Rc8+ Kh7 38. g4 hxg4 39. h5 Rf3+ 40. Kg2 Be3 0-1

[Event "AZE-ch Prelim 76th"]
[Site "Nakhchivan"]
[Date "2022.02.10"]
[Round "6"]
[White "Shahaliyev, Ismayil Bahram"]
[Black "Hasanzade, Toghrul Qasim Oglu"]
[Result "1-0"]
[WhiteElo "2380"]
[BlackElo "2293"]
[PlyCount "53"]
[EventDate "2022.02.05"]
[EventType "swiss"]
[EventRounds "9"]
[EventCountry "AZE"]
[SourceTitle "CBM 206 Extra"]
[Source "ChessBase"]
[SourceDate "2022.03.31"]
[SourceVersion "1"]
[SourceVersionDate "2022.03.31"]
[SourceQuality "1"]

1. d4 Nf6 2. c4 e6 3. g3 d5 4. Bg2 Be7 5. Nf3 0-0 6. 0-0 dxc4 7. Qc2 a6 8. a4 Nc6 9. Qxc4 Na5 10. Qc2 b6 11. Bd2 Bb7 12. Bxa5 bxa5 13. Nbd2 Rc8 14. Nb3 c5 15. dxc5 Qc7 16. Rfc1 Bd5 17. Nfd2 Rfd8 18. Qc3 Bxg2 19. Kxg2 Rb8 20. Qf3 Nd7 21. Nc4 Nxc5 22. Ncxa5 Rdc8 23. Rc4 Qd7 24. Nd4 e5 25. Ndc6 e4 26. Qf5 Qd6 27. Rd1 1-0

[Event "Nakhchivan Premium 2"]
[Site "Nakhchivan"]
[Date "2022.01.15"]
[Round "2"]
[White "Hasanzade, Toghrul Qasim Oglu"]
[Black "Garayev, Sadig"]
[Result "1/2-1/2"]
[WhiteElo "2293"]
[BlackElo "2126"]
[PlyCount "113"]
[EventDate "2022.01.14"]
[EventType "tourn"]
[EventRounds "11"]
[EventCountry "AZE"]
[SourceTitle "CBM 206 Extra"]
[Source "ChessBase"]
[SourceDate "2022.03.31"]
[SourceVersion "1"]
[SourceVersionDate "2022.03.31"]
[SourceQuality "1"]

1. e4 d6 2. d4 Nf6 3. Nc3 e5 4. Nf3 Nbd7 5. Bc4 Be7 6. 0-0 0-0 7. h3 c6 8. a4 Nxe4 9. Nxe4 d5 10. Nxe5 Nxe5 11. dxe5 dxe4 12. Qe2 Bf5 13. f4 exf3 14. Rxf3 Qd4+ 15. Be3 Qxe5 16. Qf2 Be6 17. Bd4 Qh5 18. Rg3 g6 19. Re1 Rad8 20. Rxe6 Rxd4 21. Rxe7 Rxc4 22. Rxb7 Qd1+ 23. Kh2 Rxc2 24. Qf6 Rc1 25. Rf3 Qg1+ 26. Kg3 Rc2 27. Rf2 Qxf2+ 28. Qxf2 Rxf2 29. Kxf2 Re8 30. Rxa7 Rb8 31. Re7 Rxb2+ 32. Re2 Rb6 33. Ra2 Ra6 34. Ke3 Kf8 35. Kd4 Ke7 36. Kc5 Kd7 37. a5 Kc7 38. Ra4 f5 39. Ra1 Kb7 40. Kd6 Ra8 41. a6+ Rxa6 42. Rxa6 Kxa6 43. Kxc6 Ka5 44. Kc5 Ka6 45. h4 Kb7 46. Kd6 Kc8 47. Ke6 Kd8 48. Kf7 Kd7 49. Kg7 Ke7 50. Kxh7 Kf6 51. Kg8 f4 52. Kf8 Kf5 53. Kf7 Kg4 54. Kxg6 Kxh4 55. Kf5 Kg3 56. Ke4 Kxg2 57. Kxf4 1/2-1/2

[Event "Nakhchivan Premium 2"]
[Site "Nakhchivan"]
[Date "2022.01.14"]
[Round "1"]
[White "Sevdimaliyev, Urfan"]
[Black "Hasanzade, Toghrul Qasim Oglu"]
[Result "1/2-1/2"]
[WhiteElo "2353"]
[BlackElo "2293"]
[PlyCount "39"]
[EventDate "2022.01.14"]
[EventType "tourn"]
[EventRounds "11"]
[EventCountry "AZE"]
[SourceTitle "CBM 206 Extra"]
[Source "ChessBase"]
[SourceDate "2022.03.31"]
[SourceVersion "1"]
[SourceVersionDate "2022.03.31"]
[SourceQuality "1"]

1. e4 c5 2. Nc3 g6 3. Nf3 Bg7 4. d4 cxd4 5. Nxd4 Nc6 6. Be3 Nf6 7. Bc4 0-0 8. f3 Qb6 9. Bb3 Nxe4 10. Nd5 Qa5+ 11. c3 Nc5 12. Nxc6 dxc6 13. Nxe7+ Kh8 14. Nxc8 Raxc8 15. 0-0 Rfe8 16. Bf2 Rcd8 17. Qc2 Nxb3 18. Qxb3 Rd7 19. Rad1 Red8 20. Rxd7 1/2-1/2